Marketing concepts and straegies (Record no. 32300)

MARC details
000 -LEADER
fixed length control field 00388nam a2200157Ia 4500
020 ## - INTERNATIONAL STANDARD BOOK NUMBER
ISBN 0- 618- 47445- 5
050 ## - CALL MARK
Classification number HF 5415 .P658/
100 ## - STATEMENT OF RESPONSIBILITY--MAIN AUTHOR NAME
Personal name Pride, William M.
245 #0 - TITLE STATEMENT
Title Marketing concepts and straegies
260 ## - PUBLICATION, DISTRIBUTION, ETC. (IMPRINT)
Name of publisher Houghton mifflin company
260 ## - PUBLICATION, DISTRIBUTION, ETC. (IMPRINT)
Year of publication 2006
300 ## - PHYSICAL DESCRIPTION
Number of Pages 610 p
942 ## - ADDED ENTRY ELEMENTS (KOHA)
Koha item type Books
Holdings
Withdrawn status Lost status Source of classification or shelving scheme Damaged status Not for loan Permanent Location Current Location Date acquired Accession Number Price effective from Koha item type
    Library of Congress Classification     NILE UNIVERSITY OF NIGERIA - MAIN LIBRARY NILE UNIVERSITY OF NIGERIA - MAIN LIBRARY 04/23/2025 0003633 04/23/2025 Books